000 00662nam a2200229Ia 4500
005 20241129115839.0
008 241129s9999||||xx |||||||||||||| ||und||
020 _a9783030803742
037 _aTB
040 _aSDCL
_beng
_cSDCL
041 _aeng
_2eng
084 _aV2y7M91:g(XM2), R1
_qSDCL
100 _aGeetha V.
245 0 _aBhimrao Ramji Ambedkar & the question of socialism in India
260 _aSwitzerland
_bPalgrave Macmillan
_c2021
300 _axix,341p.
365 _aINR
_b1895
490 _aMarx, engels and marxisms
650 _aPolitical Science
942 _cTB
_hV2y7M91:g(XM2), R1
999 _c1232266
_d1232266